Исследование магнитоупругого метода измерений и дефектоскопия датчиками анизотропии: Диссертация на соискание ученой степени кандидата технических наук

מידע ביבליוגרפי
מחבר ראשי: Шель М. М.
מחבר תאגידי: Всесоюзный научно-исследовательский и конструкторский институт химического машиностроения (НИИХИММАШ)
מחברים אחרים: Дудников Е. Г. (научный руководитель)
שפה:רוסית
יצא לאור: Иркутск, 1966
נושאים:
פורמט: ספר
KOHA link:https://koha.lib.tpu.ru/cgi-bin/koha/opac-detail.pl?biblionumber=144073

MARC

LEADER 00000nbm0a2200000 4500
001 144073
005 20231031143525.0
035 |a (RuTPU)RU\TPU\book\156148 
090 |a 144073 
100 |a 20080929d1966 k y0rusy50 ca 
101 0 |a rus 
102 |a RU 
105 |a a m 001zy 
200 1 |a Исследование магнитоупругого метода измерений и дефектоскопия датчиками анизотропии  |e Диссертация на соискание ученой степени кандидата технических наук  |f М. М. Шель  |g Всесоюзный научно-исследовательский и конструкторский институт химического машиностроения (НИИХИММАШ) ; науч. рук. Е. Г. Дудников 
210 |a Иркутск  |d 1966 
215 |a 193 л.  |c ил. 
320 |a Библиогр.: с. 187 193 (111 назв.) 
610 1 |a диссертации 
610 1 |a датчики 
610 1 |a анизотропия 
610 1 |a измерения 
610 1 |a магнитоупругий метод 
610 1 |a металлы 
610 1 |a напряжение 
610 1 |a магнитомягкие стали 
610 1 |a магнитотвердые стали 
610 1 |a магнитные характеристики 
610 1 |a конструкционные стали 
610 1 |a приборы 
610 1 |a дефекты 
610 1 |a детали машин 
610 1 |a машины 
610 1 |a ферромагнитные тела 
610 1 |a магнитная проводимость 
675 |a 621.803.1(04)  |v 3 
700 1 |a Шель  |b М. М. 
702 1 |a Дудников  |b Е. Г.  |4 727 
712 0 2 |a Всесоюзный научно-исследовательский и конструкторский институт химического машиностроения (НИИХИММАШ)  |2 stltpush  |3 (RuTPU)RU\TPU\col\10024 
801 1 |a RU  |b 63413507  |c 20080929  |g PSBO 
942 |c BK